000 00658nam 22002413 4500
001 202743
010 _a972-553-329-1
021 _aPT
_b151806/00
090 _a202743
100 _a20260624d u||y0pory50 ba
200 _aPrimeiras canções de Natal com o Winnie
_f[Disney]
210 _a[Lisboa]
_cDifusão Verbo
_dD. L. 2000
215 _a[10] p.
_cil. ; cartonado
_d26 cm
225 _aWinnie the Pooh
606 _947
_aLiteratura Infantil Americana
606 _91103
_aMúsica
610 _aNatal
675 _a821.111(73)-93
_vPT
_zpor
675 _a78
_vPT
_zpor
700 _9233
_a[Disney]
801 _aPT
_bBMMN
_gRPC
830 _cIsabel
990 _cLIVROS